| Tag |
First Indicator |
Second Indicator |
Subfields |
| LEADER |
00000cam a2200000 a 4500 |
| 001 |
in00001132002 |
| 005 |
20150930083255.0 |
| 008 |
930715s1993 txua s100 0 eng d |
| 035 |
|
|
|a (OCoLC)28452704
|
| 035 |
|
|
|9 AFX4523AM
|
| 040 |
|
|
|a TXA
|c TXA
|d UtOrBLW
|
| 043 |
|
|
|a n-us---
|a n-us-tx
|
| 049 |
|
|
|a TXAM
|
| 090 |
|
|
|a HG177.5.U62
|b T4 1993
|
| 111 |
2 |
|
|a Introduction to Grant Preparation Workshop
|d (1993 :
|c Texas A & M University)
|
| 245 |
1 |
0 |
|a Program development in the Office of the Associate Provost for Research and Graduate Studies.
|
| 264 |
|
1 |
|a College Station, Tex. :
|b The Office,
|c [1993]
|
| 300 |
|
|
|a 1 volume :
|b illustrations ;
|c 30 cm.
|
| 336 |
|
|
|a text
|b txt
|2 rdacontent
|
| 337 |
|
|
|a unmediated
|b n
|2 rdamedia
|
| 338 |
|
|
|a volume
|b nc
|2 rdacarrier
|
| 500 |
|
|
|a Title from letter of transmittal signed by Robert A. Kennedy.
|
| 500 |
|
|
|a Title on leaf [1]: Introduction to grant preparation.
|
| 500 |
|
|
|a "March 10, 1993."
|
| 500 |
|
|
|a Accompanied by: Texas A&M University guide to proposal preparation / prepared by the Office of the Associate Provost for Research and Graduate Studies and the Office of University Research. [44 pages] : ill. ; 28 cm. and by: A Brief guide to research at Texas A&M University / [prepared by Office of University Research, Texas A&M University]. 17 pages : ill. ; 28 cm.
|
| 500 |
|
|
|a In 3 ring binder.
|
| 650 |
|
0 |
|a Proposal writing for grants
|z United States
|x Congresses.
|
| 650 |
|
0 |
|a Federal aid to research
|z United States
|x Congresses.
|
| 650 |
|
0 |
|a Research grants
|z United States
|x Congresses.
|
| 610 |
2 |
0 |
|a Texas A & M University
|x Research grants
|x Congresses.
|
| 700 |
1 |
|
|a Kennedy, Robert A.
|c (Ph. D.)
|
| 710 |
2 |
|
|a Texas A & M University.
|b Office of the Associate Provost for Research and Graduate Studies.
|
| 740 |
0 |
|
|a Introduction to grant preparation.
|
| 740 |
0 |
|
|a Texas A&M University guide to proposal preparation.
|
| 740 |
0 |
|
|a Brief guide to research at Texas A&M University.
|
| 999 |
|
|
|a MARS
|
| 999 |
f |
f |
|s 34f1ec97-ea12-3aec-b267-04df4c5be0f3
|i 7eb0c14e-34ac-3917-b9cc-bf95b1cf4d10
|t 0
|
| 952 |
f |
f |
|p ric
|a Texas A&M University
|b Rellis Campus
|c Joint Library Facility
|d Remote Storage
|t 0
|e HG177.5.U62 T4 1993
|h Library of Congress classification
|i unmediated -- volume
|m A14817088634
|
| 998 |
f |
f |
|a HG177.5.U62 T4 1993
|t 0
|l Remote Storage
|